000 00422nam a2200169Ia 4500
008 100315s9999 xx 000 0 und d
040 _cENGLISH 
082 _b1349 
100 _aMANCHANDA & VERGHESE
245 _aROAD TRANSPORT MANAGEMENT
260 _c
365 _eRupees 
_d
_b0.00 
366 _f
630 _aROAD TRANSPORT MANAGEMENT
730 _aROAD TRANSPORT MANAGEMENT
942 _cBOOK
999 _c476084
_d476081